Creepypasta Catchphrase/Quotes - Extreme Difficulty - Statistics

General Stats
  • This quiz has been taken 710 times
  • The average score is 10 of 21
Answer Stats
Catchphrase/Quote: Creepypasta Name: % Correct
"“You shouldn’t have done that” & “You’ve met with a terrible fate, haven’t you?” Ben_Drowned
96%
"Go to sleep" Jeff the Killer
81%
“Just empty black sockets” Eyeless Jack
71%
“Don’t be excited for tomorrow because there will be no tomorrow” Bloody Painter
70%
"Your time is up" Clockwork
70%
“Don’t go to sleep, you won’t wake up” Jane the Killer
69%
“Pop goes the weasel” Laughing Jack
69%
“He is the rake” The Rake
67%
“Always watching, no eyes” Slenderman
65%
“I now announce you’re… Guilty!” Judge Angel
52%
"Give me your eyes" Lulu
47%
"Play with me" Sally Williams
46%
"He is a liar" Masky
43%
"He died" Lost Silver
42%
“Can you feel the sunshine?” Tails Doll
33%
“Human, but not quite” B.O.B
28%
“You have to go inside” The Skintaker
24%
“Real suffering is not known” Suicide Mouse
18%
”I have a new game we can play! Mr Widemouth
17%
"How else, losing people makes me wonder” Seedeater
17%
“This town is known as the grave site” Lavender Town Ghost
13%
No matching quizzes found
Score Distribution
Percent of People with Each Score
Percentile by Number Answered
Your Score History
You have not taken this quiz